• AIU
  • Tony Wilmot Memorial Library

Yãhã naambiyãrfãn saba. (Record no. 52419)

MARC details
000 -LEADER
fixed length control field 01075cam a22003134a 4500
001 - CONTROL NUMBER
control field 16737637
003 - CONTROL NUMBER IDENTIFIER
control field OSt
005 - DATE AND TIME OF LATEST TRANSACTION
control field 20110718135930.0
008 - FIXED-LENGTH DATA ELEMENTS--GENERAL INFORMATION
fixed length control field 110415s1993 uv a 000 0 nic d
010 ## - LIBRARY OF CONGRESS CONTROL NUMBER
LC control number 2011401206
035 ## - SYSTEM CONTROL NUMBER
System control number (OCoLC)ocm31324339
040 ## - CATALOGING SOURCE
Original cataloging agency ZBS
Transcribing agency ZBS
Modifying agency NLGGC
-- DLC
042 ## - AUTHENTICATION CODE
Authentication code lccopycat
050 00 - LIBRARY OF CONGRESS CALL NUMBER
Classification number BS 325
Item number .K48 1993
084 ## - OTHER CLASSIFICATION NUMBER
Classification number 18.92
Source of number bcl
084 ## - OTHER CLASSIFICATION NUMBER
Classification number 11.31
Source of number bcl
130 0# - MAIN ENTRY--UNIFORM TITLE
Uniform title Bible.
Name of part/section of a work N.T.
Language of a work Karaboro.
Date of a work 1993.
9 (RLIN) 8986
245 10 - TITLE STATEMENT
Title Yãhã naambiyãrfãn saba.
250 ## - EDITION STATEMENT
Edition statement 1. éd.
260 ## - PUBLICATION, DISTRIBUTION, ETC. (IMPRINT)
Place of publication, distribution, etc Ouagadougou, Burkina Faso :
Name of publisher, distributor, etc Société biblique internationale en coopération avec l'Association nationale pour la traduction de la Bible et l'alphabétisation,
Date of publication, distribution, etc [1993].
300 ## - PHYSICAL DESCRIPTION
Extent 659 p. :
Other physical details ill. ;
Dimensions 22 cm.
500 ## - GENERAL NOTE
General note Preface in French and Karaboro.
500 ## - GENERAL NOTE
General note "Le Nouveau Testament en Karaboro"--T.p. verso.
500 ## - GENERAL NOTE
General note Includes glossary.
650 #0 - SUBJECT ADDED ENTRY--TOPICAL TERM
Topical term or geographic name as entry element Karaboro language
Form subdivision Texts.
9 (RLIN) 8987
906 ## - LOCAL DATA ELEMENT F, LDF (RLIN)
a 7
b cbc
c copycat
d 3
e ncip
f 20
g y-gencatlg
942 ## - ADDED ENTRY ELEMENTS (KOHA)
Source of classification or shelving scheme Library of Congress Classification
Koha item type Books
Holdings
Withdrawn status Lost status Source of classification or shelving scheme Damaged status Not for loan Collection code Home library Current library Shelving location Date acquired Source of acquisition Cost, normal purchase price Full call number Barcode Date last seen Copy number Price effective from Koha item type
    Library of Congress Classification     General Circulation AIU/NEGST - Tony Wilmot Memorial Library AIU/NEGST - Tony Wilmot Memorial Library General Stacks 05/27/2011 Donation 5.00 BS 325 .K48 1993 R416033232 07/09/2014 1 05/27/2011 Africana collection (General)